000
00214 a2200097 4500
001
4549
100
_a
Lenard,C.M
245
_a
Fundamentals of thermodynamics
260
_a
_b
Prenctice-Hall
_c
090
_c
3746
_d
3746
942
_a
NUST-CAE
_c
M
_c
29985
999
_c
239622
_d
239622